[Event "Villa Ballester op 73rd"]
[Site "Buenos Aires"]
[Date "2024.01.27"]
[Round "8"]
[White "Sicari, Matias"]
[Black "Llanos, Guillermo"]
[Result "0-1"]
[WhiteElo "1806"]
[BlackElo "2289"]
[PlyCount "44"]
[EventDate "2024.01.19"]
[EventType "swiss"]
[EventRounds "9"]
[EventCountry "ARG"]
[SourceTitle "CB06_2024"]
[SourceDate "2024.02.07"]
[SourceVersion "1"]
[SourceVersionDate "2024.02.07"]
[SourceQuality "1"]

1. e4 d6 2. d4 Nf6 3. Nc3 e5 4. Nf3 Nbd7 5. Bc4 Be7 6. Bxf7+ Kxf7 7. Ng5+ Kg8 8. Ne6 Qe8 9. Nxc7 Qg6 10. Nxa8 Qxg2 11. Rf1 b5 12. dxe5 Nxe5 13. f4 Bg4 14. Qd4 Nf3+ 15. Rxf3 Bxf3 16. Be3 Kf7 17. Nc7 Rc8 18. N7d5 b4 19. Nxf6 Bxf6 20. Qd5+ Ke7 21. Qb7+ Kd8 22. Qa6 Bh4+ 0-1

[Event "Villa Ballester op 73rd"]
[Site "Buenos Aires"]
[Date "2024.01.20"]
[Round "3"]
[White "Sicari, Matias"]
[Black "Diaz, Diego Patricio"]
[Result "0-1"]
[WhiteElo "1806"]
[BlackElo "2077"]
[PlyCount "54"]
[EventDate "2024.01.19"]
[EventType "swiss"]
[EventRounds "9"]
[EventCountry "ARG"]
[SourceTitle "CB06_2024"]
[SourceDate "2024.02.07"]
[SourceVersion "1"]
[SourceVersionDate "2024.02.07"]
[SourceQuality "1"]

1. e4 c5 2. Nf3 Nc6 3. b4 cxb4 4. d4 g6 5. Bc4 Nf6 6. e5 d5 7. Bb5 Ne4 8. Ng5 Nxg5 9. Bxg5 Qb6 10. a4 a6 11. Bxc6+ Qxc6 12. a5 Bf5 13. Qd2 Qc4 14. Ra4 e6 15. Na3 Qa2 16. Nb5 Qxa4 17. Nc7+ Kd7 18. Nxa8 Qxa5 19. 0-0 Bg7 20. Qf4 h6 21. Bf6 g5 22. Bxg5 hxg5 23. Qxg5 Bg6 24. h4 Bh6 25. Qf6 Rxa8 26. h5 Qd8 27. Qf3 Be4 0-1

[Event "Villa Ballester op 72nd"]
[Site "Villa Ballester"]
[Date "2023.01.21"]
[Round "4"]
[White "Sicari, Matias"]
[Black "Moldovan, Adrian"]
[Result "0-1"]
[WhiteElo "1788"]
[BlackElo "2017"]
[PlyCount "58"]
[EventDate "2023.01.18"]
[EventType "swiss"]
[EventRounds "9"]
[EventCountry "ARG"]
[SourceTitle "EXT 2024"]
[Source "ChessBase"]
[SourceDate "2023.10.10"]
[SourceVersion "1"]
[SourceVersionDate "2023.10.10"]
[SourceQuality "1"]

1. b3 b6 2. Bb2 Bb7 3. e3 d6 4. f4 e6 5. Nf3 Nd7 6. Be2 Ngf6 7. 0-0 c5 8. Qe1 Qc7 9. d3 Be7 10. Nbd2 h6 11. Qg3 Rg8 12. e4 0-0-0 13. e5 Nh5 14. Qg4 g6 15. exd6 Bxd6 16. Ne5 f5 17. Qh4 Nxf4 18. Qxf4 Nxe5 19. Qe3 Rde8 20. Rae1 Nf7 21. h3 Bg3 22. Nf3 e5 23. Rd1 e4 24. dxe4 Rxe4 25. Qd3 Rge8 26. Rd2 Bf4 27. Rfd1 Bxd2 28. Rxd2 Re3 29. Qc4 R8e4 0-1